[Event "AUTO-OPEN-448"]
[Site "http://www.queenalice.com/game.php?id=128873"]
[Date "2006.11.13"]
[Round "1"]
[White "fore"]
[Black "valdiluis"]
[Result "1-0"]
[WhiteElo "1508"]
[BlackElo "1925"]

1. e4 e5 2. Nf3 Nf6 3. Nxe5 Nc6 4. Nf3 Bc5 5. Nc3 d6 6. h3 O-O 7. Bc4 Nxe4 8.
Nxe4 Re8 9. d3 Bxf2+ 10. Kxf2 d5 11. Bxd5 Bf5 12. Bxc6 bxc6 13. Re1 Bxe4 14.
dxe4 Qe7 15. Bg5 f6 16. Bf4 g5 17. Bg3 Qc5+ 18. Qd4 Qxc2+ 19. Qd2 Qc5+ 20. Qd4
Qe7 21. Rac1 h5 22. Rxc6 Rab8 23. Rxc7 Qe6 24. Rxa7 Red8 25. Qc3 Rbc8 26. Nxg5
Qb6+ 27. Qe3 Rc2+ 28. Re2 Rxe2+ 29. Kxe2 Qxb2+ 30. Kf3 Qb5 31. Qe2 Rd3+ 32. Kf2
Qc5+ 33. Ke1 Re3 34. Ra8+ Kg7 35. Ne6+ 1-0

[Event "AUTO-OPEN-448"]
[Site "http://www.queenalice.com/game.php?id=128892"]
[Date "2006.11.13"]
[Round "1"]
[White "Shydo"]
[Black "fore"]
[Result "0-1"]
[WhiteElo "1693"]
[BlackElo "1572"]

1. d4 Nf6 2. c4 e6 3. e4 Nxe4 4. Bd3 Nf6 5. Bg5 Be7 6. Bc2 b6 7. Nf3 Ba6 8. b3
Nc6 9. Bxf6 Bxf6 10. O-O d5 11. Re1 O-O 12. Nc3 dxc4 13. Ne5 Qxd4 14. Qxd4 Nxd4
15. Be4 Rad8 16. Nxc4 Nf3+ 17. Bxf3 Bxc3 18. Red1 Bxa1 19. Rxa1 Bxc4 20. bxc4
Rd4 21. Bb7 Rxc4 22. g3 Rd8 23. a4 a5 24. Kg2 Rdd4 25. Re1 Rxa4 26. f4 g6 27.
Rc1 c5 28. Bc6 Ra2+ 29. Kh3 Rdd2 30. Rc4 Kg7 31. Rc3 h5 32. Rb3 Rxh2# 0-1

[Event "AUTO-OPEN-448"]
[Site "http://www.queenalice.com/game.php?id=128893"]
[Date "2006.11.13"]
[Round "1"]
[White "fore"]
[Black "Shydo"]
[Result "1-0"]
[WhiteElo "1508"]
[BlackElo "1776"]

1. e4 c5 2. Nf3 d6 3. d4 e6 4. Nc3 Nc6 5. d5 exd5 6. Nxd5 Nf6 7. Bg5 Be7 8. h3
Nxd5 9. Qxd5 Bxg5 10. Nxg5 Qxg5 11. Qxg5 O-O 12. O-O-O Nd4 13. Qd5 Rb8 14. Qxd6
Be6 15. b3 b6 16. f4 Nb5 17. Bxb5 h6 18. f5 Rbd8 19. Qc7 Rxd1+ 20. Rxd1 Bxf5 21.
exf5 Kh7 22. Rd8 1-0

[Event "AUTO-OPEN-448"]
[Site "http://www.queenalice.com/game.php?id=128902"]
[Date "2006.11.13"]
[Round "1"]
[White "feio23"]
[Black "fore"]
[Result "0-1"]
[WhiteElo "1260"]
[BlackElo "1659"]

1. Nc3 d5 2. e4 d4 3. Nd5 c6 4. Nf4 e5 5. Nd3 Bd6 6. Nf3 Bg4 7. h4 Nf6 8. g3
Nxe4 9. Bh3 Bxh3 10. Rxh3 O-O 11. Nfxe5 Re8 12. Qh5 g6 13. Qh6 Bxe5 14. h5 Bg7
15. Qf4 Nxf2+ 16. Kf1 Nxh3 17. Ne5 Nxf4 18. gxf4 Bxe5 19. Ke1 Bxf4+ 20. Kd1 Qh4
21. c3 d3 22. b3 Qe1# 0-1

[Event "AUTO-OPEN-448"]
[Site "http://www.queenalice.com/game.php?id=128903"]
[Date "2006.11.13"]
[Round "1"]
[White "fore"]
[Black "feio23"]
[Result "1-0"]
[WhiteElo "1659"]
[BlackElo "1260"]

1. d4 e6 2. c4 c6 3. e4 d5 4. cxd5 cxd5 5. e5 Nc6 6. Bb5 h5 7. Nf3 Qa5+ 8. Nc3
a6 9. Bxc6+ bxc6 10. O-O f6 11. Bd2 h4 12. h3 c5 13. dxc5 Bxc5 14. Rc1 Rh5 15.
Nxd5 Qb5 16. Nc7+ Ke7 17. Nxb5 Rb8 18. Bb4 Bxb4 19. Rc7+ Ke8 20. Nd6+ Kd8 21.
Nb5+ Bd6 22. Qxd6+ Ke8 23. Rd1 Rb7 24. Qd8# 1-0

[Event "AUTO-INT-276"]
[Site "http://www.queenalice.com/game.php?id=140760"]
[Date "2006.12.13"]
[Round "1"]
[White "vallef"]
[Black "fore"]
[Result "0-1"]
[WhiteElo "1437"]
[BlackElo "1620"]

1. e4 e5 2. Nf3 Nc6 3. Bc4 Bc5 4. O-O d6 5. h3 Nf6 6. Nc3 O-O 7. d3 h6 8. a3 a6
9. b4 Bd4 10. Nxd4 Nxd4 11. Bb2 b5 12. Ba2 c6 13. Ne2 Nxe2+ 14. Qxe2 Re8 15. f4
Be6 16. c4 Bd7 17. fxe5 dxe5 18. cxb5 axb5 19. Rf3 Be6 20. Bxe5 Rxa3 21. d4 Ra4
22. Bxf6 gxf6 23. Rg3+ Kf8 24. e5 Qxd4+ 25. Kh2 Qxa1 26. Bxe6 Rxe6 27. Re3 Rxe5
28. Rxe5 Qxe5+ 0-1

[Event "AUTO-INT-276"]
[Site "http://www.queenalice.com/game.php?id=140761"]
[Date "2006.12.13"]
[Round "1"]
[White "fore"]
[Black "vallef"]
[Result "0-1"]
[WhiteElo "1651"]
[BlackElo "1419"]

1. d4 Nf6 2. c4 g6 3. Nc3 Bg7 4. e4 d6 5. Nf3 O-O 6. h3 a6 7. Bg5 c6 8. Bd3 b5
9. O-O b4 10. Na4 Nh5 11. Qd2 a5 12. b3 Bd7 13. Rfe1 f6 14. Be3 e5 15. Rac1 exd4
16. Nxd4 c5 17. Nf3 Bxa4 18. bxa4 f5 19. Ng5 Qd7 20. f4 Bc3 21. Rxc3 bxc3 22.
Qxc3 Qxa4 23. Qb2 Qd7 24. Rb1 Ng3 25. Kf2 Nxe4+ 26. Bxe4 fxe4 27. Nxe4 Qe6 28.
Qc2 Nc6 29. Ng5 Qe7 30. a3 Rab8 31. Rd1 Qf6 32. Ne4 Qh4+ 33. Kf3 Nd4+ 34. Bxd4
Rxf4+ 35. Ke2 cxd4 36. Rxd4 Re8 37. g3 Rfxe4+ 38. Rxe4 Qxe4+ 0-1

[Event "AUTO-INT-276"]
[Site "http://www.queenalice.com/game.php?id=140768"]
[Date "2006.12.13"]
[Round "1"]
[White "fore"]
[Black "lovipetol"]
[Result "1-0"]
[WhiteElo "1630"]
[BlackElo "1525"]

1. d4 d5 2. c4 dxc4 3. Nf3 Nf6 4. e3 b5 5. h3 a6 6. Nc3 Nc6 7. e4 Bb7 8. d5 Nb4
9. a3 Nbxd5 10. exd5 Bxd5 11. Bg5 c6 12. Bxf6 gxf6 13. g3 Bxf3 14. Qxf3 Qd7 15.
Rd1 Qe6+ 16. Be2 Bg7 17. Qg4 Qxg4 18. Bxg4 O-O 19. O-O a5 20. Rd7 e6 21. Rc7 f5
22. Bf3 Bxc3 23. bxc3 e5 24. Bxc6 Rab8 25. Rd1 f6 26. Bd5+ Kh8 27. Be6 f4 28.
Rdd7 fxg3 29. Rxh7# 1-0

[Event "AUTO-INT-276"]
[Site "http://www.queenalice.com/game.php?id=140769"]
[Date "2006.12.13"]
[Round "1"]
[White "lovipetol"]
[Black "fore"]
[Result "0-1"]
[WhiteElo "1529"]
[BlackElo "1659"]

1. e4 c5 2. Bc4 Nf6 3. Nc3 e6 4. Nf3 Nc6 5. O-O a6 6. h3 b5 7. Be2 b4 8. Na4
Nxe4 9. d3 Nf6 10. Be3 d6 11. d4 Ne4 12. dxc5 dxc5 13. Qxd8+ Nxd8 14. Rfe1 Ra7
15. Bd3 Bb7 16. Bf4 Nf6 17. Be3 Bxf3 18. gxf3 Nb7 19. Be4 Nxe4 20. fxe4 Ra8 21.
Rad1 Be7 22. Nb6 Rd8 23. Rxd8+ Bxd8 24. Na4 Be7 25. c3 O-O 26. Rd1 Bd6 27. Bd2
a5 28. cxb4 axb4 29. Re1 Rd8 30. Bg5 Rd7 31. Nb6 Rc7 32. e5 Be7 33. Bxe7 Rxe7
34. Rd1 h6 35. Nc8 Rc7 36. Nb6 c4 37. Rc1 Na5 38. b3 c3 39. Kh2 Nc6 40. f4 Nd4
41. Na8 Ra7 42. Nb6 Rxa2+ 43. Kg3 Ne2+ 44. Kf3 Nxc1 45. Ke3 Nxb3 46. Nc4 c2 0-1

[Event "AUTO-OPEN-448"]
[Site "http://www.queenalice.com/game.php?id=159896"]
[Date "2007.1.27"]
[Round "2"]
[White "nenem"]
[Black "fore"]
[Result "1-0"]
[WhiteElo "1881"]
[BlackElo "1693"]

1. e4 e5 2. f4 exf4 3. d4 Qh4+ 4. g3 fxg3 5. Bg2 gxh2+ 6. Kf1 Nf6 7. Nf3 Qxe4 8.
Nc3 Qf5 9. Rxh2 Bd6 10. Qe2+ Be7 11. Kg1 Nc6 12. Nb5 Nd5 13. c4 a6 14. cxd5 axb5
15. dxc6 bxc6 16. Bd2 Qe6 17. Qd3 g6 18. Re1 Qxa2 19. Bg5 f6 20. Bxf6 1-0

[Event "AUTO-OPEN-448"]
[Site "http://www.queenalice.com/game.php?id=159897"]
[Date "2007.1.27"]
[Round "2"]
[White "fore"]
[Black "nenem"]
[Result "1-0"]
[WhiteElo "1680"]
[BlackElo "1857"]

1. d4 g6 2. e4 d6 3. c3 Nf6 4. Bd3 Bg7 5. Nf3 Bg4 6. h3 Bd7 7. O-O Nc6 8. b4 O-O
9. Bg5 Qc8 10. Nbd2 Nh5 11. a3 h6 12. Be3 e5 13. d5 Ne7 14. Re1 Nf4 15. Bxf4
exf4 16. Rc1 g5 17. Nc4 g4 18. hxg4 Bxg4 19. Be2 Ng6 20. Qd2 Qe8 21. Ra1 Qd8 22.
Rec1 Bxf3 23. Bxf3 Qh4 24. Kf1 f5 25. Ke2 fxe4 26. Bxe4 f3+ 27. gxf3 Rae8 28.
Rh1 Nf4+ 29. Ke3 Qg5 30. Rag1 Nh3+ 31. Rxg5 Nxg5 32. Kd3 Nxe4 33. fxe4 Rf3+ 34.
Ne3 Rf4 35. Kc2 Rfxe4 36. Kb3 b5 37. Rg1 h5 38. Nf5 Rg4 39. Rxg4 hxg4 40. Qg5
1-0

[Event "AUTO-OPEN-448"]
[Site "http://www.queenalice.com/game.php?id=159900"]
[Date "2007.1.27"]
[Round "2"]
[White "paulouk"]
[Black "fore"]
[Result "0-1"]
[WhiteElo "1620"]
[BlackElo "1712"]

1. e4 e5 2. d3 Nf6 3. c4 Bc5 4. a3 Nc6 5. b4 Bd4 6. Ra2 h6 7. Nh3 d6 8. Bd2 Bxh3
9. gxh3 O-O 10. b5 Ne7 11. Bc3 Bc5 12. Bg2 Nh5 13. Qxh5 Ng6 14. O-O Nf4 15. Qf3
Qg5 16. d4 Bb6 17. d5 a6 18. Qg3 Nh5 19. Qxg5 hxg5 20. Bd2 f6 21. Bf3 g6 22. a4
Nf4 23. Bg2 Kg7 24. a5 Bc5 25. Nc3 Rh8 26. Bxf4 gxf4 27. Kh1 g5 28. f3 Kg6 29.
bxa6 Rxa6 30. Nb5 c6 31. Nc7 Ra7 32. Rb1 Rb8 33. Ne6 cxd5 34. exd5 b6 35. a6
Rba8 36. Rba1 Rb8 37. Bf1 Bb4 38. Bd3+ Kh5 39. Bf5 Bc3 40. Ra3 Bxa1 41. Rxa1 b5
42. cxb5 Rxb5 43. Nc7 Rc5 44. Ne8 Rb5 45. Nxf6+ Kh6 46. Be4 Rb6 47. Bd3 Kg7 48.
Ng4 Rb2 49. Bc4 Rc2 50. Bd3 Rb2 51. Rc1 Rd2 52. Bb5 Rxd5 53. Bc6 Rc7 54. a7 Ra5
55. a8=Q Rxa8 56. Bxa8 Rxc1+ 57. Kg2 Rc8 58. Bb7 Rb8 59. Be4 Kf7 60. Nh6+ Ke6
61. Kf2 Rh8 62. Ng4 d5 63. Bd3 Rxh3 64. Bf1 Rh4 65. h3 Rh8 66. Kg2 e4 67. fxe4
dxe4 68. Nf2 Kd5 69. Nd1 Kd4 70. Nb2 Rc8 71. Na4 Rc2+ 72. Kg1 f3 73. Ba6 e3 74.
Nb6 Rc1+ 75. Bf1 e2 0-1

[Event "AUTO-OPEN-448"]
[Site "http://www.queenalice.com/game.php?id=159901"]
[Date "2007.1.27"]
[Round "2"]
[White "fore"]
[Black "paulouk"]
[Result "1-0"]
[WhiteElo "1677"]
[BlackElo "1527"]

1. d4 d5 2. c4 dxc4 3. Nf3 h6 4. e4 b5 5. e5 e6 6. Bd2 Bb7 7. Ba5 f6 8. Be2 Nc6
9. Bd2 Nxd4 10. O-O g5 11. Bc3 Nxf3+ 12. Bxf3 Bxf3 13. Qxf3 f5 14. Rd1 Qb8 15.
Qc6+ Kf7 16. Rd7+ Ne7 17. Bb4 Bg7 18. Rxe7+ Kg6 19. Qxe6+ Kh7 20. Qxf5+ Kg8 21.
Qf7+ Kh7 22. Qxg7# 1-0

[Event "AUTO-OPEN-448"]
[Site "http://www.queenalice.com/game.php?id=194479"]
[Date "2007.4.10"]
[Round "3"]
[White "fore"]
[Black "nenem"]
[Result "1-0"]
[WhiteElo "1729"]
[BlackElo "1839"]

1. d4 d5 2. c4 c6 3. Nf3 Nf6 4. Nc3 e6 5. e3 Bb4 6. Bd2 Nbd7 7. c5 O-O 8. Qa4
Bxc3 9. Bxc3 Ne4 10. Bd3 Nxc3 11. bxc3 Nf6 12. O-O Ne4 13. Bxe4 dxe4 14. Nd2 Bd7
15. Nxe4 b5 16. Qc2 Qh4 17. a4 bxa4 18. Rxa4 f5 19. Nd6 Rf6 20. Rfa1 Rh6 21. h3
Rg6 22. Rxa7 Rxa7 23. Rxa7 h5 24. Ra8+ Kh7 25. Nf7 Rf6 26. Rh8+ Kg6 27. Ne5+ Kg5
28. f4+ Qxf4 29. exf4+ Kxf4 30. g3+ 1-0

[Event "AUTO-OPEN-448"]
[Site "http://www.queenalice.com/game.php?id=194480"]
[Date "2007.4.10"]
[Round "3"]
[White "nenem"]
[Black "fore"]
[Result "0-1"]
[WhiteElo "1839"]
[BlackElo "1754"]

1. e4 e5 2. f4 exf4 3. Nf3 g5 4. Bc4 g4 5. O-O gxf3 6. Qxf3 Qf6 7. d3 Nc6 8.
Bxf4 Bc5+ 9. Kh1 d6 10. Nc3 Ne5 11. Bxe5 Qxf3 12. Rxf3 dxe5 13. Bxf7+ Kd8 14.
Raf1 Ne7 15. a3 Nc6 16. Ne2 Bg4 17. b4 Bxf3 18. Rxf3 Bd4 19. c3 Bb6 20. Bd5 Kd7
21. Rf7+ Ne7 22. h3 Raf8 23. Rxf8 Rxf8 24. Bxb7 Rf1+ 25. Kh2 Re1 26. Ng3 Bg1+
27. Kh1 Be3+ 28. Kh2 Bf4 29. h4 h5 30. d4 Re3 0-1

[Event "AUTO-OPEN-448"]
[Site "http://www.queenalice.com/game.php?id=194481"]
[Date "2007.4.10"]
[Round "3"]
[White "fore"]
[Black "grandeuberlandia"]
[Result "1-0"]
[WhiteElo "1824"]
[BlackElo "2225"]

1. d4 d5 2. c4 c6 3. Nf3 Nf6 4. Nc3 e6 5. e3 Nbd7 6. Bd3 dxc4 7. Bxc4 b5 8. Bb3
b4 9. Na4 Ba6 10. Bd2 Be7 11. Rc1 O-O 12. Bc4 Bxc4 13. Rxc4 Nb6 14. Nxb6 axb6
15. Bxb4 Bxb4+ 16. Rxb4 Rxa2 17. O-O Nd5 18. Rc4 Qd6 19. Qc2 Ne7 20. Ng5 f5 21.
Ra4 Rxa4 22. Qxa4 Nd5 23. Rc1 c5 24. g3 h6 25. Nf3 Rd8 26. Qa6 cxd4 27. Nxd4 Qd7
28. Qc4 Qf7 29. Kg2 Kh7 30. Nf3 Qf6 31. e4 Ne7 32. Qe2 Kg8 33. Rc7 fxe4 34. Qxe4
Nd5 35. Rc6 Qxb2 36. Qxe6+ Kh7 37. Qe4+ Kg8 38. Rg6 Qa2 39. Ne5 Rf8 40. Ng4 Nc3
41. Qd4 Qd5+ 42. Qxd5+ Nxd5 43. Nxh6+ Kh7 44. Rd6 Nf6 45. Nf5 Ne4 46. Rd4 Nxf2
47. Nh4 g5 48. Nf3 g4 49. Ne5 Rf5 50. Nxg4 Nxg4 51. Rxg4 Rd5 52. Rb4 Rd6 53. h4
Kg6 54. Kf3 Rc6 55. g4 Kh6 56. Rb5 Kh7 57. h5 Kh6 58. Kg3 Rd6 59. Kh4 Kh7 60. g5
Kg7 61. Kg4 Kh7 62. Kf5 Kg8 63. Re5 Rd8 64. h6 Ra8 65. Kg6 Kh8 66. h7 1-0

[Event "AUTO-OPEN-448"]
[Site "http://www.queenalice.com/game.php?id=194482"]
[Date "2007.4.10"]
[Round "3"]
[White "grandeuberlandia"]
[Black "fore"]
[Result "1/2-1/2"]
[WhiteElo "2313"]
[BlackElo "1810"]

1. d4 d5 2. Bg5 Nf6 3. Nc3 Bf5 4. Bxf6 exf6 5. e3 Bb4 6. a3 Bxc3+ 7. bxc3 O-O 8.
Bd3 Qd7 9. Ne2 Nc6 10. O-O a6 11. Ng3 Bxd3 12. cxd3 a5 13. Qh5 Ne7 14. c4 c6 15.
c5 b5 16. cxb6 Ra6 17. Rfb1 Rb8 18. Qd1 g6 19. Qd2 Qb7 20. Rc1 a4 21. Qc2 Rxb6
22. Qxa4 Rb3 23. Qa5 Rxd3 24. a4 Rb3 25. Qc5 Qc7 26. Ne2 Kg7 27. Nc3 R8b4 28.
Nb5 Qd7 29. Qd6 Qf5 30. Nc3 Nc8 31. Qc7 Qd3 32. Qxc8 Rxc3 33. Rf1 Rb2 34. Qc7
Qc2 35. Qf4 Ra2 36. h4 Rxa1 37. Rxa1 Qb2 38. Rf1 h6 39. Qc7 Qe2 40. a5 Ra3 41.
Qxc6 Rxa5 42. Qd7 h5 43. Qd8 Rb5 44. Qe8 Rb4 45. Qd7 Qa2 46. g3 Rb2 47. Qd6 Rc2
48. Kg2 Rc8 49. Qd7 Rb8 50. Qc7 Rb1 51. Rxb1 Qxb1 52. Qf4 Qb6 53. Qf3 Qe6 54.
Qe2 Qe4+ 55. f3 Qe6 56. Qd3 f5 57. Qb3 Qc6 58. Kf2 1/2-1/2

[Event "AUTO-INT-276"]
[Site "http://www.queenalice.com/game.php?id=216332"]
[Date "2007.5.25"]
[Round "2"]
[White "Kisei"]
[Black "fore"]
[Result "1-0"]
[WhiteElo "2305"]
[BlackElo "1854"]

1. e4 e5 2. Nf3 Nc6 3. Bc4 Bc5 4. b4 Bxb4 5. c3 Bc5 6. d4 Bd6 7. dxe5 Bxe5 8.
Bxf7+ Kxf7 9. Nxe5+ Nxe5 10. Qd5+ Kf6 11. Qd4 Ne7 12. f4 Nc6 13. fxe5+ Kg6 14.
Qf2 Rf8 15. Qg3+ Kf7 16. Bg5 Qe8 17. O-O+ Kg8 18. Na3 Rxf1+ 19. Rxf1 Qxe5 20.
Qf2 Qe8 21. Nb5 h6 22. Nxc7 Qg6 23. Qf8+ Kh7 24. Bh4 d6 25. Nxa8 Bh3 26. Bg3 Be6
27. Nc7 Bc4 28. Rf4 Bxa2 29. Ne8 Bg8 30. Nxd6 Qh5 31. Qf5+ Qxf5 32. exf5 Ne7 33.
Re4 Nc6 34. Nxb7 Bd5 35. Ra4 1-0

[Event "AUTO-INT-276"]
[Site "http://www.queenalice.com/game.php?id=216333"]
[Date "2007.5.25"]
[Round "2"]
[White "fore"]
[Black "Kisei"]
[Result "1-0"]
[WhiteElo "1852"]
[BlackElo "2194"]

1. d4 Nf6 2. c4 c5 3. d5 e6 4. Nc3 exd5 5. Nxd5 Nxd5 6. cxd5 d6 7. e4 g6 8. Nf3
Bg7 9. Bd3 O-O 10. O-O f5 11. Qe2 fxe4 12. Qxe4 Bf5 13. Qe2 Bg4 14. Be4 Na6 15.
Rb1 Qa5 16. a3 Rae8 17. Qd3 Nc7 18. Bd2 Qa6 19. Qxa6 bxa6 20. Ng5 h6 21. Ne6
Nxe6 22. dxe6 Kh7 23. Bc3 Rxe6 24. Bc6 Bf5 25. Rbd1 Rd8 26. Bd5 Ree8 27. Bc6 Re2
28. Rfe1 Rxe1+ 29. Rxe1 d5 30. Re7 d4 31. Ba5 Rb8 32. Bc7 Rxb2 33. g4 Bxg4 34.
Be5 Re2 35. Rxg7+ Kh8 36. Re7+ Kg8 37. Bd5+ Kf8 38. Rf7+ Ke8 39. Bd6 Bh3 40. f4
d3 41. Rg7 Re1+ 42. Kf2 Re2+ 43. Kg3 Bg2 44. Bc4 Bc6 45. Bxc5 Rg2+ 46. Kh3 Rc2
47. Bf7+ Kd8 48. Bb4 1-0

[Event "AUTO-INT-276"]
[Site "http://www.queenalice.com/game.php?id=216336"]
[Date "2007.5.25"]
[Round "2"]
[White "fore"]
[Black "vallef"]
[Result "1-0"]
[WhiteElo "1777"]
[BlackElo "1730"]

1. d4 d5 2. c4 Nf6 3. cxd5 Nxd5 4. Nf3 Bg4 5. h3 Bxf3 6. exf3 e6 7. Bc4 Bb4+ 8.
Bd2 Nc6 9. O-O Qh4 10. Bxb4 Ncxb4 11. Re1 O-O 12. Bxd5 exd5 13. Qd2 Nc6 14. Nc3
Nxd4 15. Rad1 c5 16. Nxd5 Rad8 17. Re4 Qh5 18. Ne7+ Kh8 19. Qc1 Rfe8 20. Rde1
Rd6 21. Ng6+ hxg6 22. Rxe8+ Kh7 23. Qf4 Rf6 24. Qb8 Nxf3+ 25. gxf3 Qg5+ 26. Kh1
1-0

[Event "AUTO-INT-276"]
[Site "http://www.queenalice.com/game.php?id=216337"]
[Date "2007.5.25"]
[Round "2"]
[White "vallef"]
[Black "fore"]
[Result "0-1"]
[WhiteElo "1726"]
[BlackElo "1793"]

1. e4 e5 2. Nf3 Nc6 3. Bb5 a6 4. Bxc6 dxc6 5. d3 Nf6 6. Bg5 Be7 7. Nxe5 O-O 8.
c4 Qd4 9. Nf3 Qxb2 10. Nbd2 h6 11. Bf4 Ne8 12. O-O Bg4 13. Nb3 Qf6 14. Be5 Qe6
15. Nbd4 Qd7 16. Nf5 Bxf5 17. exf5 Qxf5 18. d4 Rd8 19. Re1 b5 20. cxb5 axb5 21.
Qd2 Qd7 22. Re4 Nd6 23. Bxd6 cxd6 24. Rae1 Rfe8 25. Qb4 c5 26. dxc5 dxc5 27. Qb2
b4 28. a3 Ra8 29. axb4 cxb4 30. Ne5 Qd5 31. f3 b3 32. Rd4 Qc5 33. Nd3 Ra2 34.
Nxc5 Rxb2 35. Rd7 Bxc5+ 36. Kf1 Rf2+ 0-1